000
00303nam a22001337a 4500
082
_a
825
_b
JAM/A
100
_a
JAMES,RAHUL
245
_a
THE ART OF PUBLIC SPEAKING
250
_a
FIRST
260
_a
KOZHIKODE
_b
DRONACHARYA PUBLICATIONS
_c
2014
300
_a
544
650
_a
SPEECHES
_z
KERALA
942
_c
BK
999
_c
3677
_d
3677